zpět

Detail výsledku týmu

KUPE, Opava

Datum a čas kvízu

29.5 Celkem bodů Celkový počet nahraných bodů na tomto kvízu bez doplňovacích otázek.
3. Pořadí na kvízu Konečné umístění týmu na tomto kvízu.

Zaznamenané odpovědi

# Otázka Odpověď Body Výsledky
1. Jistý poslanec za SPD minulý t... Radek Koten 0
2. Ve kterém německém městě se mi... v Mnichově 1
3. Jak se nazývá německý zámek, j... Moritzburg 0
4. Minulý týden vydal Český stati... A 1
5. Který norský sportovec získal... Johannes Bö 1
6. Obec s nejdelším názvem v Česk... A 1
7. Česká republika hraničí se čty... 1B 2D 3C 4A 1
8. Nejvýše položená železniční st... Kubova 0
9. V této otázce bude potřeba k z... 1C 2D 3B 4A 1
10. V České republice jsou čtyři ú... NP Šumava 1